00000000nam 2200000zi 4500
0019.949807
003CaOODSP
00520250822092823
006m     o  d f      
007cr cn|||||||||
008250404t20252025onca    obs  f000 0 fre d
020 |a9780660768267
040 |aCaOODSP|bfre|erda|cCaOODSP
043 |an-cn---
0861 |aHP15-14/2025F-PDF
24500|aPrincipaux résultats sur les chutes des enfants.
264 1|a[Ottawa] : |bAgence de la santé publique du Canada = Public Health Agency of Canada, |c[2025]
264 4|c©2025
300 |a1 ressource en ligne (1 page) : |billustrations
336 |atexte|btxt|2rdacontent/fre
337 |ainformatique|bc|2rdamedia/fre
338 |aressource en ligne|bcr|2rdacarrier/fre
500 |aPublié aussi en anglais sous le titre : Key findings on children's falls.
500 |a« Pub. : 250161. »
504 |aComprend des références bibliographiques.
650 6|aEnfants|xAccidents|zCanada|vStatistiques.
650 6|aChutes (Accidents)|zCanada|vStatistiques.
655 7|aStatistiques|2rvmgf
7102 |aAgence de santé publique du Canada, |eorganisme de publication.
77508|tKey findings on children's falls.|w(CaOODSP)9.949804
85640|qPDF|s347 Ko|uhttps://publications.gc.ca/collections/collection_2025/aspc-phac/HP15-14-2025-fra.pdf